|
|
|
|
| LEADER |
01918nam a2200409 i 4500 |
| 001 |
EBC5113080 |
| 003 |
MiAaPQ |
| 005 |
20200520144314.0 |
| 006 |
m o d | |
| 007 |
cr cnu|||||||| |
| 008 |
171116t20132013gw a ob 000 0 ger d |
| 020 |
|
|
|z 9783828205505
|
| 020 |
|
|
|a 9783110507966
|q (electronic bk.)
|
| 035 |
|
|
|a (MiAaPQ)EBC5113080
|
| 035 |
|
|
|a (Au-PeEL)EBL5113080
|
| 035 |
|
|
|a (CaPaEBR)ebr11461589
|
| 035 |
|
|
|a (OCoLC)1009305839
|
| 040 |
|
|
|a MiAaPQ
|b eng
|e rda
|e pn
|c MiAaPQ
|d MiAaPQ
|
| 043 |
|
|
|a e-gx---
|
| 050 |
|
4 |
|a HC285
|b .W577 2013
|
| 082 |
0 |
|
|a 338.0943
|2 23
|
| 245 |
0 |
4 |
|a Der Wissenschaftliche Beirat beim Bundesministerium fur Wirtschaft und Technologie.
|n Band 18,
|p Gutachten vom Januar 2007 bis November 2011 /
|c herausgegeben von Bundesministerium fur Wirtschaft und Technologie.
|
| 264 |
|
1 |
|a Stuttgart, [Germany] :
|b Lucius & Lucius,
|c 2013.
|
| 264 |
|
4 |
|c 2013
|
| 300 |
|
|
|a 1 online resource (2,892 pages) :
|b illustrations
|
| 336 |
|
|
|a text
|2 rdacontent
|
| 337 |
|
|
|a computer
|2 rdamedia
|
| 338 |
|
|
|a online resource
|2 rdacarrier
|
| 504 |
|
|
|a Includes bibliographical references.
|
| 588 |
|
|
|a Description based on online resource; title from PDF title page (EBC, viewed November 15, 2017).
|
| 590 |
|
|
|a Electronic reproduction. Ann Arbor, MI : ProQuest, 2016. Available via World Wide Web. Access may be limited to ProQuest affiliated libraries.
|
| 651 |
|
0 |
|a Germany
|x Economic conditions.
|
| 655 |
|
4 |
|a Electronic books.
|
| 710 |
2 |
|
|a Bundesministerium fur Wirtschaft und Technologie.
|
| 776 |
0 |
8 |
|i Print version:
|t Wissenschaftliche Beirat beim Bundesministerium fur Wirtschaft und Technologie. Band 18, Gutachten vom Januar 2007 bis November 2011.
|d Stuttgart, [Germany] : Lucius & Lucius, c2013
|h xii, 2505-2891 pages
|z 9783828205505
|
| 797 |
2 |
|
|a ProQuest (Firm)
|
| 856 |
4 |
0 |
|u https://ebookcentral.proquest.com/lib/matrademy/detail.action?docID=5113080
|z Click to View
|